| 000 -LEADER |
| fixed length control field |
01242nam a2200289 4500 |
| 008 - FIXED-LENGTH DATA ELEMENTS--GENERAL INFORMATION |
| fixed length control field |
250529b xxu||||| |||| 00| 0 eng d |
| 040 ## - CATALOGING SOURCE |
| Original cataloging agency |
Cagayan State University |
| 082 ## - DEWEY DECIMAL CLASSIFICATION NUMBER |
| Classification number |
791.4372 |
| Item number |
B7129 2024 |
| 245 ## - TITLE STATEMENT |
| Title |
Boneyard 2024 / directed by Asif Akbar ; written by Koji Steven Sakai, Vincent E. McDaniel, Hank Byrd, Asif Akbar ; produced by Colin Bates, Tamas Nadas, Asif Akbar, Vincent E. McDaniel. |
| 260 ## - PUBLICATION, DISTRIBUTION, ETC. (IMPRINT) |
| Place of publication, distribution, etc |
United States ; |
| Name of publisher, distributor, etc |
Lionsgate, |
| Date of publication, distribution, etc |
2024. |
| 300 ## - PHYSICAL DESCRIPTION |
| Extent |
1 videofile, (ca. 92 mins.) |
| Other physical details |
sound,color. |
| 520 ## - SUMMARY, ETC. |
| Summary, etc |
A police chief and a detective join forces with an FBI agent to find a serial killer who left skeletal remains in the New Mexico desert. As each of their agendas and methods clash, a tangled web of intrigue casts suspicion in all directions. |
| 546 ## - LANGUAGE NOTE |
| Language note |
English |
| 650 ## - SUBJECT ADDED ENTRY--TOPICAL TERM |
| Topical term or geographic name as entry element |
Thriller |
| 650 ## - SUBJECT ADDED ENTRY--TOPICAL TERM |
| Topical term or geographic name as entry element |
Action |
| 700 ## - ADDED ENTRY--PERSONAL NAME |
| Personal name |
Gibson, Mel star. |
| 700 ## - ADDED ENTRY--PERSONAL NAME |
| Personal name |
Jackson, Curtis star. |
| 700 ## - ADDED ENTRY--PERSONAL NAME |
| Personal name |
Holt, Brian Van star. |
| 700 ## - ADDED ENTRY--PERSONAL NAME |
| Personal name |
Zehetner, Nora star. |
| 700 ## - ADDED ENTRY--PERSONAL NAME |
| Personal name |
Haugh, Gabrielle star. |
| 700 ## - ADDED ENTRY--PERSONAL NAME |
| Personal name |
Cage, Weston star. |
| 700 ## - ADDED ENTRY--PERSONAL NAME |
| Personal name |
Williams-Crosby, Spice star. |
| 700 ## - ADDED ENTRY--PERSONAL NAME |
| Personal name |
O'Grady, Gail star. |
| 700 ## - ADDED ENTRY--PERSONAL NAME |
| Personal name |
Cooper, R.J. editor. |
| 700 ## - ADDED ENTRY--PERSONAL NAME |
| Personal name |
Reis, Joshua cinematography. |
| 942 ## - ADDED ENTRY ELEMENTS (KOHA) |
| Source of classification or shelving scheme |
|
| Item type |
Audio-Visual Materials |